Statistics for Rome-Fiumicino (FCO) Destinations on a Map!

Click here to take the quiz!

General Stats

  • This quiz has been taken 201 times
  • The average score is 182 of 289

Answer Stats

Answer % Correct
Moscow - Zhukovsky
93%
Moscow - Domodedovo
93%
Moscow - Sheremetyevo
93%
Helsinki
92%
Paris - Orly
91%
Oslo - Gardermoen
91%
Paris - Charles de Gaulle
91%
Stockholm - Arlanda
90%
Istanbul - Sabiha Gökçen
90%
Amsterdam
90%
Madrid
90%
Istanbul - Atatürk
90%
Tunis
90%
Mexico
90%
Berlin - Tegel
90%
Mexico City
90%
Milan - Linate
89%
Copenhagen
89%
Cairo
89%
Brussels
89%
St Petersburg
89%
Kiev - Boryspil
89%
Milan - Malpensa
89%
Kiev - Zhuliany
89%
Barcelona
88%
Dublin
88%
Lisbon
88%
Prague
88%
Warsaw - Chopin
87%
Budapest
87%
London - Luton
87%
London - Gatwick
87%
New York - JFK
87%
Vienna
87%
New York - Newark
87%
London - Heathrow
87%
London - City
87%
Hamburg
86%
Naples
86%
Bucharest
86%
Athens
86%
Marseille
85%
Los Angeles
85%
Santiago de Compostela
84%
Delhi
84%
Geneva
84%
Santiago de Chile
84%
Santiago de Cuba
84%
Manchester
84%
Nice
84%
Rio de Janeiro - Galeão
84%
Seoul - Incheon
84%
Zagreb
83%
Sofia
83%
Luxembourg
83%
Riga
83%
Algiers
83%
Chicago - O'Hare
83%
Beijing - Capital
83%
Tokyo - Narita
83%
Minsk
83%
Tokyo - Haneda
83%
Frankfurt
83%
Munich
83%
Miami
83%
Buenos Aires
82%
Tel Aviv - Ben Gurion
82%
Valencia
82%
Bangkok - Suvarnabhumi
82%
Glasgow
81%
Belgrade
81%
Venice
80%
Bordeaux
79%
Vilnius
79%
Singapore
79%
Turin
79%
Palermo
79%
Zürich
79%
Shanghai - Pudong
79%
Addis Ababa
79%
Lyon
79%
Boston
78%
Liverpool
78%
Spain
77%
Russia
77%
Seville
77%
Toronto - Pearson
77%
Canada
76%
Washington - Dulles
76%
Brazil
76%
United Kingdom
76%
United States
76%
Portugal
76%
Ireland
75%
Sweden
75%
Finland
75%
Birmingham
75%
Germany
75%
Amman - Queen Alia
75%
France
75%
Florence
75%
Saudi Arabia
75%
Casablanca
75%
Egypt
75%
Argentina
75%
Bilbao
75%
Italy
75%
Atlanta
75%
Tirana
75%
South Africa
74%
Johannesburg - O.R. Tambo
74%
Ukraine
74%
Iran
74%
Belgium
74%
São Paulo - Guarulhos
74%
Beirut
74%
Austria
74%
Algeria
74%
Norway
74%
Palma de Mallorca
74%
Turkey
74%
Poland
74%
Switzerland
73%
Czech Republic
73%
Morocco
73%
China
73%
Tehran - Imam Khomeini
73%
Madagascar
73%
Latvia
72%
Malta
72%
India
72%
Genoa
72%
Croatia
72%
Havana
72%
Hungary
72%
Bergen
72%
Bulgaria
72%
Netherlands
72%
Dallas / Fort Worth
72%
Cardiff
71%
Rotterdam / The Hague
71%
Israel
71%
Cologne / Bonn
71%
Riyadh
71%
Lithuania
71%
Dubai
71%
Hong Kong
71%
Greece
71%
Albania
71%
Chile
71%
Romania
71%
Belarus
71%
Chișinău
71%
Ethiopia
71%
Düsseldorf
71%
Montréal - Trudeau
70%
Cyprus
70%
Thailand
70%
Tunisia
70%
Denmark
70%
Georgia
69%
Serbia
68%
Newcastle
68%
Gothenburg
68%
Bosnia and Herzegovina
68%
Tanzania
67%
Guangzhou
67%
Jordan
67%
Japan
67%
Detroit
66%
Philadelphia
66%
Armenia
66%
Ibiza
65%
Málaga
65%
Thessaloniki
65%
Moldova
65%
Abu Dhabi
65%
Taipei - Taoyuan
64%
Malé
64%
Bari
63%
Toulouse
63%
Leeds / Bradford
63%
Tenerife - North
62%
Tenerife - South
62%
Doha
62%
Podgorica
62%
South Korea
60%
Stuttgart
60%
Kuwait
60%
Mauritius
60%
Montenegro
60%
Tashkent
59%
Pisa
58%
Cagliari
58%
Bristol
57%
Split
57%
Trieste
57%
Menorca
57%
Bologna
57%
Lebanon
57%
Uzbekistan
56%
Dubrovnik
56%
Basel EuroAirport
55%
Fez
55%
Xi'an
54%
Yerevan
54%
Cancún
54%
Izmir
53%
Jeddah
53%
Verona
52%
Catania
52%
Alicante
52%
Nantes
51%
Rhodes
50%
Heraklion
49%
United Arab Emirates
49%
Charlotte
48%
Maldives
48%
Cuba
47%
Qatar
46%
Oran
46%
Corfu
46%
Tangier
44%
Zanzibar
44%
Lviv
43%
Ostend / Bruges
43%
Larnaca
42%
Taiwan
42%
Gran Canaria
42%
Kos
42%
Katowice
40%
Yekaterinburg
40%
Wuhan
40%
Cape Verde
39%
Mykonos
38%
Aalborg
38%
Santorini
36%
Dominican Republic
36%
Chongqing
34%
Shannon
32%
Sharm El Sheikh
30%
Oakland
30%
Maastricht / Aachen
30%
Brindisi
30%
Odense
29%
Constanța
29%
Zadar
27%
Olbia
27%
Reggio di Calabria
26%
Chania
26%
Lanzarote
26%
Fuerteventura
25%
Sal
25%
Iași
23%
Zakynthos
23%
Mostar
23%
Lampedusa
22%
Trapani
22%
Billund
21%
Djerba
20%
Kefalonia
19%
Alghero
19%
Pantelleria
18%
Lamezia Terme
17%
Tarbes / Lourdes
16%
Marsa Alam
15%
Tivat
13%
Nosy Be
13%
Bydgoszcz
13%
Skiathos
13%
Preveza
12%
Monastir
12%
Kutaisi
12%
Wenzhou
11%
Bacău
10%
Boa Vista
10%
Pointe-à-Pitre
9%
Karpathos
9%
La Romana
9%
Enfidha
9%
Urgench
7%
Cayo Largo del Sur
7%
Comiso
7%
Mersa Matruh
6%
Tabarka
5%

Score Distribution

Percentile by Number Answered

Percent of People with Each Score

Your Score History

You have not taken this quiz